[Event "IND-ch"]
[Site "Muzaffapur"]
[Date "1998.??.??"]
[Round "?"]
[White "Sasikiran, Krishnan"]
[Black "Shankar, Roy"]
[Result "1-0"]
[WhiteElo "2470"]
[BlackElo "2400"]
[PlyCount "73"]
[EventDate "1998.??.??"]
[EventType "tourn"]
[EventRounds "17"]
[EventCountry "IND"]
[EventCategory "6"]
[SourceTitle "EXT 2002"]
[Source "ChessBase"]
[SourceDate "2001.11.25"]
[SourceVersion "1"]
[SourceVersionDate "2001.11.25"]
[SourceQuality "1"]

1. d4 Nf6 2. c4 e6 3. Nc3 Bb4 4. e3 c5 5. Bd3 b6 6. Nge2 Bb7 7. 0-0 0-0 8. d5 b5 9. Nxb5 exd5 10. Nd6 Bc6 11. cxd5 Bxd5 12. e4 Be6 13. a3 Ba5 14. Be3 Bb6 15. Rc1 Ng4 16. Bf4 Nc6 17. Bb1 Qf6 18. Rc3 Nd4 19. Bg3 Ne5 20. f4 Ng4 21. e5 Qd8 22. h3 Nh6 23. f5 Bd5 24. f6 Re8 25. Nxe8 Qxe8 26. fxg7 f5 27. Bf4 Nf7 28. Rg3 Bc4 29. Nxd4 cxd4 30. Bxf5 Be2 31. Qb1 d3+ 32. Kh1 Nxe5 33. Bxh7+ Kxh7 34. g8Q+ Qxg8 35. Rxg8 Rxg8 36. Bxe5 Re8 37. Bc3 1-0

[Event "IND-ch"]
[Site "Muzaffapur"]
[Date "1998.??.??"]
[Round "?"]
[White "Shankar, Roy"]
[Black "Barua, Dibyendu"]
[Result "0-1"]
[WhiteElo "2400"]
[BlackElo "2520"]
[PlyCount "102"]
[EventDate "1998.??.??"]
[EventType "tourn"]
[EventRounds "17"]
[EventCountry "IND"]
[EventCategory "6"]
[SourceTitle "EXT 2002"]
[Source "ChessBase"]
[SourceDate "2001.11.25"]
[SourceVersion "1"]
[SourceVersionDate "2001.11.25"]
[SourceQuality "1"]

1. e4 e5 2. Nf3 Nf6 3. d4 Nxe4 4. Bd3 d5 5. Nxe5 Nd7 6. Qe2 Nxe5 7. Bxe4 dxe4 8. Qxe4 Be6 9. Qxe5 Qd7 10. Be3 Bb4+ 11. c3 Bd6 12. Qh5 0-0-0 13. 0-0 f5 14. f4 Rhe8 15. Nd2 Bf7 16. Qh3 h6 17. b3 g5 18. Nc4 Bxc4 19. bxc4 g4 20. Qg3 Qe6 21. Rfe1 Qxc4 22. Bd2 Re2 23. Rxe2 Qxe2 24. Qf2 Qc4 25. Qe3 b5 26. a3 a6 27. Re1 Kb7 28. Qe6 Qxe6 29. Rxe6 Bxa3 30. Kf2 Bd6 31. Ke2 Kc6 32. Kd3 Kd5 33. Rf6 Rf8 34. Rxh6 a5 35. h3 gxh3 36. Rxh3 Rg8 37. Rh5 Rg3+ 38. Be3 Ke6 39. d5+ Kxd5 40. Rxf5+ Ke6 41. Rg5 Bxf4 42. Rxg3 Bxg3 43. Ke4 a4 44. Bc1 c5 45. Kd3 Kf5 46. Bh6 Bd6 47. Bc1 Be7 48. Bh6 Kg4 49. Ke4 a3 50. Bc1 a2 51. Bb2 Bf6 0-1

[Event "Szeged TT08 IM"]
[Site "Szeged"]
[Date "1998.??.??"]
[Round "3"]
[White "Shankar, Roy"]
[Black "Ganguly, Surya Shekhar"]
[Result "1/2-1/2"]
[WhiteElo "2370"]
[BlackElo "2300"]
[PlyCount "23"]
[EventDate "1998.??.??"]
[EventType "tourn"]
[EventRounds "9"]
[EventCountry "HUN"]
[EventCategory "4"]
[SourceTitle "EXT 1999"]
[Source "ChessBase"]
[SourceDate "1998.11.16"]
[SourceVersion "1"]
[SourceVersionDate "1998.11.16"]
[SourceQuality "1"]

1. e4 c5 2. c3 d5 3. exd5 Qxd5 4. Nf3 Nc6 5. d4 cxd4 6. cxd4 e5 7. Nc3 Bb4 8. Bd2 Bxc3 9. bxc3 e4 10. Ne5 Nxe5 11. dxe5 Ne7 12. Be2 1/2-1/2